[Event "Obro-Denmark (Women)"]
[Site "Copenhagen"]
[Date "2020.06.28"]
[Round "8.2"]
[White "Kakulidis, Ellen"]
[Black "Philipsen, William Horup"]
[Result "1/2-1/2"]
[WhiteElo "2041"]
[BlackElo "1991"]
[PlyCount "90"]
[EventDate "2020.06.22"]
[EventType "schev"]
[EventRounds "8"]
[EventCountry "DEN"]
[SourceTitle "EXT 2021"]
[Source "ChessBase"]
[SourceDate "2020.10.23"]
[SourceVersion "1"]
[SourceVersionDate "2020.10.23"]
[SourceQuality "1"]
[WhiteTeam "Denmark (W)"]
[BlackTeam "Obro"]
[WhiteTeamCountry "DEN"]
[BlackTeamCountry "DEN"]

1. d4 d5 2. Bf4 Nc6 3. Nf3 f6 4. e3 g5 5. Bg3 g4 6. Nh4 e5 7. Be2 f5 8. dxe5 Be7 9. Nxf5 Bxf5 10. Bxg4 Qd7 11. Bh5+ Bg6 12. Bg4 Bf5 13. Bh5+ Bg6 14. Bg4 Qd8 15. Bf3 Nb4 16. Na3 Nh6 17. Be2 Nf5 18. c3 Nxg3 19. hxg3 Nc6 20. f4 Bxa3 21. bxa3 0-0 22. Bf3 Ne7 23. g4 Be4 24. Kf2 Bxf3 25. Qxf3 Ng6 26. Rh5 Qd7 27. Rah1 Rae8 28. Qh3 Nxe5 29. Rxh7 Qxg4 30. Rh8+ Kf7 31. Qh7+ Qg7 32. fxe5 Rxh8 33. e6+ Kxe6 34. Qxg7 Rxh1 35. Qg6+ Ke7 36. Qg5+ Kd6 37. Qf4+ Re5 38. Qf8+ Re7 39. Qf6+ Re6 40. Qf4+ Re5 41. Qf6+ Re6 42. Qf4+ Kc6 43. Qa4+ Kb6 44. Qb4+ Kc6 45. Qa4+ Kb6 1/2-1/2

[Event "Obro-Denmark (Women)"]
[Site "Copenhagen"]
[Date "2020.06.24"]
[Round "3.3"]
[White "Fredericia, Louise Winther"]
[Black "Philipsen, William Horup"]
[Result "0-1"]
[WhiteElo "2005"]
[BlackElo "1991"]
[PlyCount "50"]
[EventDate "2020.06.22"]
[EventType "schev"]
[EventRounds "8"]
[EventCountry "DEN"]
[SourceTitle "EXT 2021"]
[Source "ChessBase"]
[SourceDate "2020.10.23"]
[SourceVersion "1"]
[SourceVersionDate "2020.10.23"]
[SourceQuality "1"]
[WhiteTeam "Denmark (W)"]
[BlackTeam "Obro"]
[WhiteTeamCountry "DEN"]
[BlackTeamCountry "DEN"]

1. c4 e5 2. g3 d5 3. cxd5 c6 4. Bg2 Bc5 5. Nc3 Nf6 6. e3 0-0 7. Nge2 cxd5 8. d4 exd4 9. exd4 Bb6 10. Bg5 Be6 11. 0-0 Nc6 12. Qd2 h6 13. Bxf6 Qxf6 14. Rfd1 Rad8 15. a3 Bg4 16. Nxd5 Rxd5 17. Bxd5 Rd8 18. Nc3 Nxd4 19. Qf4 Bf5 20. Re1 Nc2 21. Re5 Bxf2+ 22. Kxf2 Qb6+ 23. Re3 Nxe3 24. Qxe3 Qxb2+ 25. Kf3 Qxa1 0-1

[Event "Obro-Denmark (Women)"]
[Site "Copenhagen"]
[Date "2020.06.23"]
[Round "2.4"]
[White "Philipsen, William Horup"]
[Black "Vangsgaard, Freja"]
[Result "1-0"]
[WhiteElo "1991"]
[BlackElo "1954"]
[PlyCount "139"]
[EventDate "2020.06.22"]
[EventType "schev"]
[EventRounds "8"]
[EventCountry "DEN"]
[SourceTitle "EXT 2021"]
[Source "ChessBase"]
[SourceDate "2020.10.23"]
[SourceVersion "1"]
[SourceVersionDate "2020.10.23"]
[SourceQuality "1"]
[WhiteTeam "Obro"]
[BlackTeam "Denmark (W)"]
[WhiteTeamCountry "DEN"]
[BlackTeamCountry "DEN"]

1. e4 c6 2. d4 d5 3. f3 dxe4 4. fxe4 e5 5. Nf3 Bg4 6. Bc4 Bd6 7. dxe5 Bb4+ 8. Bd2 Bxd2+ 9. Nbxd2 Nd7 10. 0-0 Nxe5 11. Qe2 Nf6 12. Rad1 0-0 13. Kh1 Qe7 14. Bd3 Rad8 15. Qe3 b5 16. Be2 Nxf3 17. gxf3 Nd5 18. Qf2 Bh3 19. exd5 Bxf1 20. Nxf1 Rxd5 21. Rxd5 cxd5 22. Bxb5 Qb4 23. a4 d4 24. b3 Qd6 25. Ng3 a6 26. Nf5 Qf6 27. Bd3 Rd8 28. Qh4 g5 29. Qh6 Qxh6 30. Nxh6+ Kg7 31. Nf5+ Kf6 32. Ng3 a5 33. Bxh7 Ke5 34. Kg2 Kf4 35. h3 Re8 36. Be4 Rc8 37. Kf2 Rh8 38. Bf5 Re8 39. Bg4 f6 40. Nf5 Rd8 41. Ke2 Ke5 42. Kd3 Rd5 43. Kc4 Rd8 44. Ne7 Kd6 45. Nc8+ Ke5 46. Na7 Rd6 47. Kc5 Rd5+ 48. Kc6 Rd6+ 49. Kc7 Kd5 50. Bf5 Kc5 51. Be4 Re6 52. Nb5 Re7+ 53. Kd8 Re5 54. Na3 f5 55. Nc4 fxe4 56. Nxe5 Kd5 57. Nc4 exf3 58. Nd2 f2 59. Kc7 Ke5 60. Kc6 Kf4 61. Kd5 Ke3 62. Nf1+ Ke2 63. Nh2 f1Q 64. Nxf1 Kxf1 65. Ke4 Kf2 66. b4 Kg3 67. bxa5 Kxh3 68. a6 g4 69. a7 g3 70. a8Q 1-0

[Event "Helsingor Xtracon op"]
[Site "Helsingor"]
[Date "2019.07.25"]
[Round "7"]
[White "Vesterli, Michael"]
[Black "Philipsen, William Horup"]
[Result "1-0"]
[WhiteElo "2221"]
[BlackElo "2001"]
[PlyCount "85"]
[EventDate "2019.07.20"]
[EventType "swiss"]
[EventRounds "10"]
[EventCountry "DEN"]
[SourceTitle "CBM 191 Extra"]
[Source "ChessBase"]
[SourceDate "2019.09.30"]
[SourceVersion "1"]
[SourceVersionDate "2019.09.30"]
[SourceQuality "1"]

1. d4 d5 2. c4 e5 3. dxe5 d4 4. Nf3 Nc6 5. g3 f6 6. exf6 Nxf6 7. Bg2 Bf5 8. 0-0 Qd7 9. Nbd2 Bh3 10. a3 h5 11. Bxh3 Qxh3 12. Ng5 Qg4 13. h4 Bd6 14. Qb3 d3 15. Qxd3 Ne5 16. Qb3 Bc5 17. Kg2 0-0-0 18. Ndf3 Rhe8 19. Nxe5 Rxe5 20. Nf7 Rf5 21. f3 Qd4 22. Nxd8 Re5 23. Qc2 Qxd8 24. Bf4 Re6 25. b4 Qe7 26. Rfe1 Be3 27. Bxe3 Rxe3 28. Qf5+ Kb8 29. Ra2 a5 30. bxa5 Nd7 31. Qg5 Qe6 32. Qd8+ Ka7 33. Qxc7 Rb3 34. Rd2 Ne5 35. Qc5+ b6 36. axb6+ Ka6 37. Rd6 Qf5 38. Qc7 Qxf3+ 39. exf3 Rb2+ 40. Kf1 Rf2+ 41. Kxf2 Nd3+ 42. Rxd3 g5 43. Qa7# 1-0

[Event "Helsingor Xtracon op"]
[Site "Helsingor"]
[Date "2019.07.21"]
[Round "2"]
[White "Ronka, Erik"]
[Black "Philipsen, William Horup"]
[Result "1-0"]
[WhiteElo "2289"]
[BlackElo "2001"]
[PlyCount "45"]
[EventDate "2019.07.20"]
[EventType "swiss"]
[EventRounds "10"]
[EventCountry "DEN"]
[SourceTitle "CBM 191 Extra"]
[Source "ChessBase"]
[SourceDate "2019.09.30"]
[SourceVersion "1"]
[SourceVersionDate "2019.09.30"]
[SourceQuality "1"]

1. e4 e5 2. Nc3 Nf6 3. Nf3 Nc6 4. d4 Bb4 5. Nxe5 Nxe4 6. Qg4 Nxc3 7. Qxg7 Rf8 8. a3 Nxd4 9. axb4 Nxc2+ 10. Kd2 Nxa1 11. Kxc3 a5 12. Bc4 axb4+ 13. Kd2 d5 14. Bb5+ Ke7 15. Kd1 Rg8 16. Qxf7+ Kd6 17. Nd3 Rg4 18. Bf4+ Rxf4 19. Qxf4+ Ke7 20. Qg5+ Kf7 21. Ne5+ Ke6 22. Qxd8 Kxe5 23. Qe7+ 1-0

[Event "Helsingor Xtracon op"]
[Site "Helsingor"]
[Date "2017.07.30"]
[Round "10"]
[White "Nordin, Eric"]
[Black "Philipsen, William Horup"]
[Result "0-1"]
[WhiteElo "1781"]
[BlackElo "1977"]
[PlyCount "54"]
[EventDate "2017.07.22"]
[EventType "swiss"]
[EventRounds "10"]
[EventCountry "DEN"]
[SourceTitle "CBM 179 Extra"]
[Source "ChessBase"]
[SourceDate "2017.08.23"]
[SourceVersion "1"]
[SourceVersionDate "2017.08.23"]
[SourceQuality "1"]

1. e4 e5 2. Nf3 Nc6 3. Bc4 Nf6 4. Ng5 Bc5 5. Bxf7+ Ke7 6. Bd5 d6 7. c3 Rf8 8. Bxc6 Bxf2+ 9. Kxf2 Nxe4+ 10. Ke1 Nf2 11. Bf3 Nxd1 12. Kxd1 h6 13. d4 Qe8 14. Ne4 Bf5 15. Re1 Qg6 16. d5 c6 17. c4 cxd5 18. cxd5 Rac8 19. Nbc3 Rc4 20. Bd2 Bg4 21. Kc2 Bxf3 22. gxf3 Rxf3 23. Rad1 Rfxc3+ 24. bxc3 Rxe4 25. Rxe4 Qxe4+ 26. Kb3 b5 27. a3 Qa4+ 0-1

[Event "Helsingor Xtracon op"]
[Site "Helsingor"]
[Date "2017.07.26"]
[Round "6"]
[White "Nesse, David"]
[Black "Philipsen, William Horup"]
[Result "1-0"]
[WhiteElo "1718"]
[BlackElo "1977"]
[PlyCount "57"]
[EventDate "2017.07.22"]
[EventType "swiss"]
[EventRounds "10"]
[EventCountry "DEN"]
[SourceTitle "CBM 179 Extra"]
[Source "ChessBase"]
[SourceDate "2017.08.23"]
[SourceVersion "1"]
[SourceVersionDate "2017.08.23"]
[SourceQuality "1"]

1. e4 e5 2. Nf3 f5 3. Nxe5 Nc6 4. Nxc6 dxc6 5. d4 Qh4 6. exf5 Bxf5 7. Bd3 Bg4 8. Be2 Nf6 9. Bxg4 Nxg4 10. Qe2+ Be7 11. h3 Nxf2 12. Qxf2 Qe4+ 13. Qe2 Qh4+ 14. Qf2 Qe4+ 15. Kd1 0-0-0 16. Re1 Rxd4+ 17. Bd2 Qd5 18. Rxe7 Rd8 19. c3 Rd3 20. Qf4 Qa5 21. Re5 Qb6 22. Qf5+ R3d7 23. Kc2 Qg1 24. Qg4 g6 25. Re1 Qf2 26. Re2 Qf1 27. Qe6 a6 28. Na3 Qf8 29. Bg5 1-0

[Event "Helsingor Xtracon op"]
[Site "Helsingor"]
[Date "2017.07.24"]
[Round "4"]
[White "Petersen, Peter Birk"]
[Black "Philipsen, William Horup"]
[Result "1-0"]
[WhiteElo "2179"]
[BlackElo "1977"]
[PlyCount "65"]
[EventDate "2017.07.22"]
[EventType "swiss"]
[EventRounds "10"]
[EventCountry "DEN"]
[SourceTitle "CBM 179 Extra"]
[Source "ChessBase"]
[SourceDate "2017.08.23"]
[SourceVersion "1"]
[SourceVersionDate "2017.08.23"]
[SourceQuality "1"]

1. e4 e5 2. Bc4 f5 3. d3 c6 4. Nc3 Nf6 5. Bg5 Bb4 6. Nge2 d5 7. exd5 cxd5 8. Bb5+ Nc6 9. d4 e4 10. 0-0 0-0 11. Ba4 h6 12. Bxf6 Qxf6 13. Nxd5 Qg5 14. Bxc6 bxc6 15. Nxb4 f4 16. Ng3 f3 17. Re1 Rf4 18. Qd2 Bf5 19. Nxc6 Re8 20. Ne5 Rxe5 21. dxe5 Qh4 22. Rad1 Kh7 23. Qd8 Qg4 24. h3 Qg6 25. Rd6 Qf7 26. Nxf5 Qxf5 27. Qd7 Qxe5 28. g3 Rf5 29. Rd4 Rg5 30. Rdxe4 Rxg3+ 31. Kf1 Rxh3 32. Qxh3 Qb5+ 33. c4 1-0

[Event "Horsens Lang Weekend"]
[Site "Horsens"]
[Date "2017.07.16"]
[Round "7"]
[White "Miqueu, Jean Philippe"]
[Black "Philipsen, William Horup"]
[Result "1-0"]
[WhiteElo "2100"]
[BlackElo "1935"]
[PlyCount "95"]
[EventDate "2017.07.13"]
[EventType "swiss"]
[EventRounds "7"]
[EventCountry "DEN"]
[SourceTitle "EXT 2018"]
[Source "ChessBase"]
[SourceDate "2017.10.13"]
[SourceVersion "1"]
[SourceVersionDate "2017.10.13"]
[SourceQuality "1"]

1. d4 d5 2. Nf3 Nc6 3. e3 Bg4 4. Bb5 Qd6 5. h3 Qh6 6. 0-0 Bxh3 7. gxh3 Qxh3 8. Ne5 h5 9. Qf3 Qe6 10. e4 0-0-0 11. Bxc6 bxc6 12. Qf5 Nh6 13. Qxe6+ fxe6 14. Nxc6 Rd6 15. Nxa7+ Kb7 16. Nb5 Rb6 17. N5c3 e5 18. dxe5 Rg6+ 19. Kh1 d4 20. Ne2 c5 21. Bf4 e6 22. Nd2 Be7 23. f3 Bg5 24. Rg1 Ng4 25. fxg4 hxg4+ 26. Kg2 g3 27. Rh1 Rf8 28. Raf1 Bxf4 29. Rxf4 Ra8 30. a3 Kc6 31. Nc4 Rb8 32. Nc1 Rg5 33. Nd3 Rg8 34. a4 g6 35. Rf7 Rh5 36. Rxh5 gxh5 37. Rh7 Ra8 38. a5 Kb5 39. Rxh5 Kxc4 40. Rh7 Rxa5 41. Rc7 Rb5 42. Kxg3 Ra5 43. Kf3 Rb5 44. Ke2 Ra5 45. Rxc5+ Rxc5 46. Nxc5 d3+ 47. Nxd3 Kd4 48. Nf4 1-0

[Event "Copenhagen Challenge"]
[Site "Ballerup"]
[Date "2016.04.23"]
[Round "6"]
[White "Hagen, Anders Gjerdrum"]
[Black "Philipsen, William Horup"]
[Result "1-0"]
[WhiteElo "2262"]
[BlackElo "1970"]
[PlyCount "65"]
[EventDate "2016.04.20"]
[EventType "swiss"]
[EventRounds "9"]
[EventCountry "DEN"]
[SourceTitle "CBM 172 Extra"]
[Source "ChessBase"]
[SourceDate "2016.06.21"]
[SourceVersion "1"]
[SourceVersionDate "2016.06.21"]
[SourceQuality "1"]

1. d4 d5 2. c4 e5 3. dxe5 d4 4. Nf3 Nc6 5. a3 f6 6. exf6 Qxf6 7. g3 Bf5 8. Bg2 h6 9. 0-0 0-0-0 10. Nbd2 g5 11. Qa4 Nge7 12. b4 d3 13. Ra2 dxe2 14. Re1 Qe6 15. b5 g4 16. bxc6 gxf3 17. cxb7+ Kb8 18. Bxf3 Bd3 19. Bxe2 Bxe2 20. Nf3 Qxc4 21. Qxc4 Bxc4 22. Rc2 Bd3 23. Rd2 Nc6 24. Red1 Bc5 25. Rxd3 Rdf8 26. Bf4 h5 27. Rc1 Rf5 28. Nh4 Nd4 29. Rxd4 Bxd4 30. Bxc7+ Kxb7 31. Nxf5 Bb2 32. Rb1 Kxc7 33. Rxb2 1-0

[Event "Copenhagen Challenge"]
[Site "Ballerup"]
[Date "2016.04.23"]
[Round "7"]
[White "Philipsen, William Horup"]
[Black "Allam, Dariusz"]
[Result "1-0"]
[WhiteElo "1970"]
[BlackElo "1922"]
[PlyCount "87"]
[EventDate "2016.04.20"]
[EventType "swiss"]
[EventRounds "9"]
[EventCountry "DEN"]
[SourceTitle "CBM 172 Extra"]
[Source "ChessBase"]
[SourceDate "2016.06.21"]
[SourceVersion "1"]
[SourceVersionDate "2016.06.21"]
[SourceQuality "1"]

1. e4 d6 2. d4 Nf6 3. Nc3 g6 4. Bc4 Bg7 5. Qe2 Nc6 6. e5 dxe5 7. dxe5 Nd4 8. exf6 Nxe2 9. fxg7 Rg8 10. Ngxe2 c6 11. Bh6 Bf5 12. Rd1 Qb6 13. 0-0 Rd8 14. Ng3 Rxd1 15. Rxd1 Bxc2 16. Re1 Qxb2 17. Bg5 e6 18. Bf6 Qb4 19. Bb3 Bxb3 20. axb3 Qa5 21. b4 Qxb4 22. Rd1 Qa5 23. Nce4 Qd5 24. Rxd5 exd5 25. Ng5 h6 26. Nh7 Kd7 27. Ne2 Kc8 28. Nf4 b5 29. Nf8 a5 30. Kf1 b4 31. Ke2 Kb7 32. N4xg6 fxg6 33. Nxg6 b3 34. Ne7 Re8 35. g8Q Rxg8 36. Nxg8 c5 37. Kd3 d4 38. Nxh6 a4 39. Nf5 c4+ 40. Kd2 c3+ 41. Kc1 b2+ 42. Kb1 a3 43. Bxd4 a2+ 44. Kxa2 1-0

[Event "Copenhagen Challenge"]
[Site "Ballerup"]
[Date "2016.04.22"]
[Round "4"]
[White "Moe, Mogens"]
[Black "Philipsen, William Horup"]
[Result "1-0"]
[WhiteElo "2160"]
[BlackElo "1970"]
[PlyCount "89"]
[EventDate "2016.04.20"]
[EventType "swiss"]
[EventRounds "9"]
[EventCountry "DEN"]
[SourceTitle "CBM 172 Extra"]
[Source "ChessBase"]
[SourceDate "2016.06.21"]
[SourceVersion "1"]
[SourceVersionDate "2016.06.21"]
[SourceQuality "1"]

1. e4 e5 2. Nf3 Nc6 3. d4 exd4 4. Nxd4 Qf6 5. Nb3 Qg6 6. Qe2 b6 7. Bf4 Qf6 8. Bc1 a5 9. a4 Bb4+ 10. c3 Ba6 11. Qc2 Bxf1 12. Rxf1 Bd6 13. f4 0-0-0 14. Be3 Re8 15. N1d2 Qh4+ 16. Rf2 Qxh2 17. 0-0-0 Nf6 18. e5 Ng4 19. Nc4 Nxf2 20. Qxf2 Be7 21. Bxb6 Bh4 22. Qd2 Re7 23. Bg1 Qg3 24. Ncxa5 Nxe5 25. Qe2 Qxf4+ 26. Kb1 Nc4 27. Qxc4 Qxc4 28. Nxc4 Re2 29. a5 Rhe8 30. Bd4 Rxg2 31. a6 d5 32. Ne3 Rg6 33. Nc5 c6 34. Nf5 Be7 35. a7 Kc7 36. Nxe7 Re6 37. Nxe6+ fxe6 38. Rf1 Kd6 39. Rf7 e5 40. Nf5+ Ke6 41. Re7+ Rxe7 42. Nxe7 exd4 43. Nxc6 d3 44. a8Q d2 45. Kc2 1-0

[Event "Copenhagen Challenge"]
[Site "Ballerup"]
[Date "2016.04.22"]
[Round "5"]
[White "Philipsen, William Horup"]
[Black "Larsen, Preben R"]
[Result "1-0"]
[WhiteElo "1970"]
[BlackElo "1821"]
[PlyCount "59"]
[EventDate "2016.04.20"]
[EventType "swiss"]
[EventRounds "9"]
[EventCountry "DEN"]
[SourceTitle "CBM 172 Extra"]
[Source "ChessBase"]
[SourceDate "2016.06.21"]
[SourceVersion "1"]
[SourceVersionDate "2016.06.21"]
[SourceQuality "1"]

1. e4 e5 2. d4 exd4 3. c3 dxc3 4. Bc4 Nc6 5. Nf3 Bc5 6. Bxf7+ Kxf7 7. Qd5+ Kf8 8. Qxc5+ Qe7 9. Qxc3 d6 10. 0-0 Bg4 11. Qb3 Bxf3 12. Qxb7 Rb8 13. Qxc6 Bxe4 14. Qa4 Nf6 15. Re1 d5 16. f3 Rb4 17. Qxa7 Kf7 18. Nc3 Rd8 19. Bg5 Rxb2 20. Rad1 Qb4 21. Nxe4 dxe4 22. Qxc7+ Kg6 23. Qxd8 Kxg5 24. fxe4 Kh5 25. Qd4 Qb5 26. e5 Qb7 27. Rd2 Rb1 28. Rxb1 Qxb1+ 29. Rd1 Qxa2 30. exf6 1-0

[Event "Koge Xtracon op"]
[Site "Koge"]
[Date "2015.10.17"]
[Round "7"]
[White "Philipsen, William Horup"]
[Black "Marthedal, Anton Mehmet Yildiz"]
[Result "0-1"]
[WhiteElo "1955"]
[BlackElo "1866"]
[PlyCount "102"]
[EventDate "2015.10.12"]
[EventType "swiss"]
[EventRounds "9"]
[EventCountry "DEN"]
[SourceTitle "CBM 168 Extra"]
[Source "ChessBase"]
[SourceDate "2015.10.29"]
[SourceVersion "1"]
[SourceVersionDate "2015.10.29"]
[SourceQuality "1"]

1. e4 c6 2. Bc4 d5 3. Bb3 dxe4 4. Qh5 g6 5. Qh4 Nf6 6. Nc3 Bg7 7. f3 e3 8. dxe3 Nbd7 9. e4 Nh5 10. Nge2 Qb6 11. g4 Ne5 12. Rf1 Nf6 13. h3 0-0 14. Bh6 Rd8 15. f4 Bxh6 16. Qxh6 Qe3 17. g5 Qd2+ 18. Kf2 Nfg4+ 19. hxg4 Nxg4+ 20. Kg2 Nxh6 21. Rad1 Ng4 22. Rxd2 Rxd2 23. Rf3 b6 24. Kg3 h5 25. f5 Ne5 26. fxg6 Nxf3 27. gxf7+ Kg7 28. Kxf3 Bg4+ 29. Ke3 Rd6 30. e5 Rg6 31. Ne4 Bxe2 32. Kxe2 e6 33. Kf3 Kxf7 34. Kf4 Ke7 35. c3 Rd8 36. Bc2 Rg7 37. b4 a5 38. bxa5 bxa5 39. Ba4 Rf7+ 40. Nf6 c5 41. Bc2 Rd2 42. Bb3 Rd3 43. Ke4 Rxc3 44. Nxh5 c4 45. Bd1 Rc1 46. Bg4 c3 47. g6 c2 48. Kd3 Rg1 49. Kxc2 Rf2+ 50. Kb3 Rxg4 51. g7 Rf3+ 0-1

[Event "Koge Xtracon op"]
[Site "Koge"]
[Date "2015.10.13"]
[Round "2"]
[White "Philipsen, William Horup"]
[Black "Tolba, Henri"]
[Result "0-1"]
[WhiteElo "1955"]
[BlackElo "1717"]
[PlyCount "110"]
[EventDate "2015.10.12"]
[EventType "swiss"]
[EventRounds "9"]
[EventCountry "DEN"]
[SourceTitle "CBM 168 Extra"]
[Source "ChessBase"]
[SourceDate "2015.10.29"]
[SourceVersion "1"]
[SourceVersionDate "2015.10.29"]
[SourceQuality "1"]

1. e4 c5 2. d4 cxd4 3. c3 d5 4. exd5 Nf6 5. Qa4+ Bd7 6. Qxd4 g6 7. Bg5 Bg7 8. c4 Nh5 9. Qd2 h6 10. Be3 Bf5 11. Nc3 Na6 12. Be2 Nf6 13. Nf3 g5 14. c5 Nb4 15. Bb5+ Kf8 16. Nd4 Bd7 17. c6 bxc6 18. Nxc6 Bxc6 19. dxc6 Qxd2+ 20. Kxd2 Nfd5 21. a3 Nxc3 22. bxc3 Nd5 23. Bd4 Nc7 24. Bd3 Bxd4 25. cxd4 e6 26. Rab1 Ke7 27. Rb7 Kd6 28. Rc1 f5 29. g3 Rhf8 30. Ke3 Rf6 31. f4 g4 32. Bf1 h5 33. Bg2 Rh6 34. Rcb1 Rhh8 35. Rxc7 Kxc7 36. Rb7+ Kc8 37. Re7 Rb8 38. Rxa7 Re8 39. Kd3 Rb3+ 40. Kc4 Rb2 41. Ra8+ Rb8 42. Ra7 Rb2 43. d5 Kb8 44. Rb7+ Rxb7 45. cxb7 exd5+ 46. Bxd5 Re2 47. a4 Rxh2 48. a5 h4 49. gxh4 g3 50. Kd4 Rd2+ 51. Ke3 Rxd5 52. Kf3 Rd3+ 53. Kg2 Kxb7 54. h5 Ka6 55. h6 Rd6 0-1

[Event "Politiken Cup 37th"]
[Site "Helsingor"]
[Date "2015.07.26"]
[Round "2"]
[White "Haugaard, Thomas"]
[Black "Philipsen, William Horup"]
[Result "0-1"]
[WhiteElo "1707"]
[BlackElo "1943"]
[PlyCount "64"]
[EventDate "2015.07.25"]
[EventType "swiss"]
[EventRounds "10"]
[EventCountry "DEN"]
[SourceTitle "CBM 167 Extra"]
[Source "ChessBase"]
[SourceDate "2015.09.14"]
[SourceVersion "1"]
[SourceVersionDate "2015.09.14"]
[SourceQuality "1"]

1. d4 d5 2. c4 e5 3. dxe5 d4 4. Nf3 Nc6 5. a3 Bg4 6. Nbd2 Qe7 7. g3 0-0-0 8. Bg2 d3 9. h3 dxe2 10. Qb3 Bf5 11. Nh4 Bd3 12. Bd5 Bg6 13. Nxg6 hxg6 14. Nf3 Qd7 15. Be3 Nge7 16. e6 Qd6 17. Bf4 Qc5 18. Be3 Qa5+ 19. Bd2 Qa6 20. exf7 Nxd5 21. cxd5 Ne7 22. Rc1 Nxd5 23. Qc4 Qf6 24. Ng5 c6 25. Qxe2 Be7 26. Qe6+ Kb8 27. h4 Qxb2 28. Qxg6 Qxd2+ 29. Kxd2 Nf4+ 30. Kc2 Nxg6 31. Ne6 Rd7 32. Nxg7 Bxa3 0-1

[Event "Politiken Cup 37th"]
[Site "Helsingor"]
[Date "2015.07.26"]
[Round "3"]
[White "Philipsen, William Horup"]
[Black "Hartung Nielsen, Jens"]
[Result "0-1"]
[WhiteElo "1943"]
[BlackElo "2212"]
[PlyCount "64"]
[EventDate "2015.07.25"]
[EventType "swiss"]
[EventRounds "10"]
[EventCountry "DEN"]
[SourceTitle "CBM 167 Extra"]
[Source "ChessBase"]
[SourceDate "2015.09.14"]
[SourceVersion "1"]
[SourceVersionDate "2015.09.14"]
[SourceQuality "1"]

1. e4 c5 2. d4 cxd4 3. c3 dxc3 4. Nxc3 Nc6 5. Nf3 d6 6. Bc4 e6 7. 0-0 Nf6 8. Qe2 Be7 9. Rd1 e5 10. Be3 0-0 11. Rac1 Bg4 12. h3 Be6 13. Bxe6 fxe6 14. Qc4 Qd7 15. Ng5 Nd8 16. Nb5 d5 17. Qb3 a6 18. Nc7 Rc8 19. Bb6 Ne8 20. exd5 Rxc7 21. Bxc7 Bxg5 22. Bxd8 Qxd8 23. dxe6 Qf6 24. e7+ Rf7 25. Rc8 Qxe7 26. Qa4 Rf8 27. Rd7 Qf6 28. f3 Qe6 29. Ra8 Nd6 30. Rxd6 Qxd6 31. Qc4+ Kh8 32. Qd3 Qb6+ 0-1

[Event "Politiken Cup 36th"]
[Site "Helsingor"]
[Date "2014.07.29"]
[Round "10"]
[White "Philipsen, William Horup"]
[Black "Kovshoj, Sune"]
[Result "0-1"]
[WhiteElo "1951"]
[BlackElo "2086"]
[PlyCount "42"]
[EventDate "2014.07.21"]
[EventType "swiss"]
[EventRounds "10"]
[EventCountry "DEN"]
[SourceTitle "CBM 161 Extra"]
[Source "ChessBase"]
[SourceDate "2014.08.29"]
[SourceVersion "1"]
[SourceVersionDate "2014.08.29"]
[SourceQuality "1"]

1. e4 c5 2. d4 cxd4 3. c3 dxc3 4. Nxc3 e6 5. Nf3 Nc6 6. Bc4 Bb4 7. 0-0 Nge7 8. Nd5 exd5 9. exd5 0-0 10. dxc6 bxc6 11. Ne5 d5 12. Nxc6 Nxc6 13. Bxd5 Bb7 14. Qb3 Nd4 15. Bxf7+ Rxf7 16. Qxb4 Nc2 17. Qg4 Nxa1 18. Bg5 Qb6 19. Be3 Qg6 20. Qh3 Nc2 21. Bd2 Nd4 0-1

[Event "Politiken Cup 36th"]
[Site "Helsingor"]
[Date "2014.07.28"]
[Round "9"]
[White "Rendlev, Niels Moller"]
[Black "Philipsen, William Horup"]
[Result "0-1"]
[WhiteElo "1790"]
[BlackElo "1951"]
[PlyCount "40"]
[EventDate "2014.07.21"]
[EventType "swiss"]
[EventRounds "10"]
[EventCountry "DEN"]
[SourceTitle "CBM 161 Extra"]
[Source "ChessBase"]
[SourceDate "2014.08.29"]
[SourceVersion "1"]
[SourceVersionDate "2014.08.29"]
[SourceQuality "1"]

1. g3 e5 2. d3 d5 3. Bg2 f5 4. c4 c6 5. cxd5 cxd5 6. f4 e4 7. dxe4 fxe4 8. e3 Nf6 9. Nc3 Nc6 10. a3 Bc5 11. b4 Bb6 12. Nge2 Bg4 13. Qd2 0-0 14. h3 Bf3 15. 0-0 d4 16. Qa2+ Kh8 17. exd4 Nxd4 18. Kh2 Rc8 19. Re1 Bxe2 20. Nxe2 Rc2 0-1

[Event "Politiken Cup 36th"]
[Site "Helsingor"]
[Date "2014.07.25"]
[Round "6"]
[White "Philipsen, William Horup"]
[Black "Olsarova, Tereza"]
[Result "0-1"]
[WhiteElo "1951"]
[BlackElo "2251"]
[PlyCount "72"]
[EventDate "2014.07.21"]
[EventType "swiss"]
[EventRounds "10"]
[EventCountry "DEN"]
[SourceTitle "CBM 161 Extra"]
[Source "ChessBase"]
[SourceDate "2014.08.29"]
[SourceVersion "1"]
[SourceVersionDate "2014.08.29"]
[SourceQuality "1"]

1. e4 e5 2. d4 exd4 3. Bc4 Nf6 4. Nf3 Nc6 5. 0-0 Nxe4 6. Nc3 Nxc3 7. bxc3 d5 8. Bb5 Be7 9. Nxd4 Bd7 10. Re1 0-0 11. Bd3 Bf6 12. Ba3 Re8 13. Qh5 g6 14. Qxd5 Nxd4 15. cxd4 Be6 16. Qxb7 Bxd4 17. Rad1 Qh4 18. g3 Qf6 19. Qg2 Bg4 20. Be2 Bc3 21. Bb2 Qe5 22. Qxa8 Rxa8 23. Bxc3 Qxc3 24. Bxg4 c5 25. Kg2 Kf8 26. Re3 Qxc2 27. Rd7 Re8 28. Ra3 Qc4 29. Raxa7 Re1 30. Kh3 Qf1+ 31. Kh4 Qxf2 32. Kg5 Re5+ 33. Kh4 Qxh2+ 34. Bh3 g5+ 35. Kg4 h5+ 36. Kf3 Qe2# 0-1

[Event "Politiken Cup 35th"]
[Site "Helsingor"]
[Date "2013.07.30"]
[Round "5"]
[White "Johansen, Stian"]
[Black "Philipsen, William Horup"]
[Result "1-0"]
[WhiteElo "2085"]
[BlackElo "1922"]
[PlyCount "51"]
[EventDate "2013.07.27"]
[EventType "swiss"]
[EventRounds "10"]
[EventCountry "DEN"]
[SourceTitle "CBM 155 Extra"]
[Source "ChessBase"]
[SourceDate "2013.08.26"]
[SourceVersion "1"]
[SourceVersionDate "2013.08.26"]
[SourceQuality "1"]

1. d4 d5 2. c4 e5 3. dxe5 d4 4. a3 Nc6 5. Nf3 a5 6. e3 Bc5 7. exd4 Bxd4 8. Nxd4 Qxd4 9. Nc3 Qxd1+ 10. Nxd1 Bf5 11. Bf4 Nge7 12. Ne3 Rd8 13. Be2 Nd4 14. Rd1 Bc2 15. Rd2 Be4 16. f3 Bg6 17. Bg5 c5 18. Kf2 Rd7 19. Bxe7 Rxe7 20. f4 0-0 21. Bd3 b5 22. cxb5 Bxd3 23. Rxd3 a4 24. Rc1 Nb3 25. Rc4 Ra8 26. Rxa4 1-0